La aventura del cosmos /
Guardado en:
| Autor Principal: | |
|---|---|
| Formato: | Libro |
| Publicado: |
Barcelona :
Labor,
1973
|
| Edición: | 4a. ed. |
| Materias: | |
| Etiquetas: |
Agregar Etiqueta
Sin Etiquetas, Sea el primero en etiquetar este registro!
|
| LEADER | 00863nam a22002295a 4500 | ||
|---|---|---|---|
| 001 | CEM.cems002160 | ||
| 005 | 20060216000000.0 | ||
| 008 | 130507s1973##################000#0#####d | ||
| 003 | CEMS | ||
| 082 | 0 | 4 | |a 523.1 |
| 100 | 1 | |a Ducrocq, Albert | |
| 245 | 1 | 0 | |a La aventura del cosmos / |
| 250 | |a 4a. ed. | ||
| 260 | |a Barcelona : |b Labor, |c 1973 | ||
| 300 | |a 268 p. | ||
| 505 | 0 | |a La vida y el Universo. La Tierra como morada de la vida. El sistema solar. El planeta Marte. Existen otras sistemas planetarios?. Las moleculas y la vida. La evolucion de la vida sobre la Tierra. La adaptabilidad de la vida. La vida en otros planetas. La quimica del Universo. La evolucion del Universo | |
| 653 | |a Astronomia | ||
| 653 | |a Cibernetica | ||
| 653 | |a Galaxias | ||
| 653 | |a Planetas | ||
| 653 | |a Supernovas | ||
| 859 | |a CEMS |b BIB. CEMS - 11 de abril |h 523.1 |i D859a4 |p 7686.80 |t Ej.1 | ||
